| Tag |
First Indicator |
Second Indicator |
Subfields |
| LEADER |
00000pam a2200000 a 4500 |
| 001 |
in00000084478 |
| 005 |
20160209102615.0 |
| 008 |
810213c19811979nyuaf b 00110beng |
| 010 |
|
|
|a 81001161
|
| 020 |
|
|
|a 0028727002
|
| 035 |
|
|
|a (OCoLC)07283277
|
| 035 |
|
|
|9 AAJ7981AM
|
| 039 |
0 |
|
|a 2
|b 3
|c 3
|d 3
|e 3
|
| 040 |
|
|
|a DLC
|c DLC
|d TXA
|d UtOrBLW
|
| 043 |
|
|
|a e-gx---
|
| 049 |
|
|
|a TXAM
|c [933396]
|
| 050 |
0 |
0 |
|a ML410.W1
|b W38 1981
|
| 082 |
0 |
|
|a 780/.92/4
|a B
|2 19
|
| 100 |
1 |
|
|a Watson, Derek,
|d 1948-
|
| 245 |
1 |
0 |
|a Richard Wagner :
|b a biography /
|c Derek Watson.
|
| 250 |
|
|
|a 1st American ed.
|
| 264 |
|
1 |
|a New York :
|b Schirmer Books,
|c 1981
|
| 264 |
|
4 |
|c ©1979
|
| 300 |
|
|
|a 352 pages, 32 unnumbered pages of plates :
|b illustrations ;
|c 25 cm.
|
| 336 |
|
|
|a text
|b txt
|2 rdacontent
|
| 337 |
|
|
|a unmediated
|b n
|2 rdamedia
|
| 338 |
|
|
|a volume
|b nc
|2 rdacarrier
|
| 500 |
|
|
|a Includes index.
|
| 504 |
|
|
|a Bibliography: pages 335-339.
|
| 600 |
1 |
0 |
|a Wagner, Richard,
|d 1813-1883.
|
| 650 |
|
0 |
|a Composers
|z Germany
|v Biography.
|
| 999 |
|
|
|a MARS
|
| 999 |
f |
f |
|s 565dd55e-9c3a-363c-bc1c-11418446ffd8
|i 7f8db894-a011-38ea-af2c-75b406567312
|t 0
|
| 952 |
f |
f |
|p ric
|a Texas A&M University
|b Rellis Campus
|c Joint Library Facility
|d Remote Storage
|t 0
|e ML410.W1 W38 1981
|h Library of Congress classification
|i unmediated -- volume
|m A14843198475
|
| 998 |
f |
f |
|a ML410.W1 W38 1981
|t 0
|l Remote Storage
|